En advertencia debida y defensa obligada (Record no. 131290)

MARC details
000 -LEADER
campo de control de longitud fija 00594nam a2200169 i 4500
001 - NÚMERO DE CONTROL
campo de control 131290
003 - IDENTIFICADOR DE NÚMERO DE CONTROL
campo de control ES-MaACL
005 - FECHA Y HORA DE LA ÚLTIMA TRANSACCIÓN
campo de control 20230906193944.0
007 - CAMPO FIJO DE DESCRIPCIÓN FÍSICA--INFORMACIÓN GENERAL
campo de control de longitud fija t|
008 - DATOS DE LONGITUD FIJA--INFORMACIÓN GENERAL
campo de control de longitud fija 070214s1908 sp r ||||1| spa d
100 1# - ENTRADA PRINCIPAL--NOMBRE DE PERSONA
Nombre de persona Rodríguez García, Calixto.
9 (RLIN) 98218
245 10 - MENCIÓN DEL TÍTULO
Título En advertencia debida y defensa obligada
Resto del título : resumen de mi gestión en "La Unión Resinera Española" /
Mención de responsabilidad, etc. por Calixto Rodríguez.
260 ## - PUBLICACIÓN, DISTRIBUCIÓN, ETC.
Lugar de publicación, distribución, etc. Madrid :
Nombre del editor, distribuidor, etc. [s.n.],
Fecha de publicación, distribución, etc. 1908 (
Fabricante Imp. de José Perales y Martínez)
300 ## - DESCRIPCIÓN FÍSICA
Extensión 78 p. ;
Dimensiones 23 cm.
610 24 - PUNTO DE ACCESO ADICIONAL DE MATERIA--NOMBRE DE ENTIDAD CORPORATIVA
Nombre de entidad corporativa o nombre de jurisdicción como elemento de entrada Unión Resinera Española.
9 (RLIN) 162446
852 ## - LOCALIZACIÓN
Ubicación ES-MaACL
Número de control de estantería T-1194-F-4
Holdings
Estatus retirado Estado de pérdida Estado de daño No para préstamo Colección Biblioteca de origen Biblioteca actual Ubicación en estantería Fecha de adquisición Fuente de adquisición Total de préstamos Signatura topográfica completa Código de barras Visto por última vez Precio de reemplazo Tipo de ítem Koha
        Colección de folletos Biblioteca del Ateneo de Madrid Biblioteca del Ateneo de Madrid Depósito folletos 17/01/2008     T-1194-F-4 1136684 23/02/2023 23/02/2023 Folleto